000 01101cab a22002655a 4500
001 L151168
008 101005e20101002xxk 000 0 eng d
035 _a(Sirsi) u151168
041 0 _aeng
100 1 _aBickford-Smith, Stephen
245 0 0 _aOut of the shadows
260 _c2010
490 _aEstates Gazette
_v(1039) 2 October 2010, 102-104(3)
520 _a"Huxruk II (CHC) Ltd v Heaney" ChD 14 July 2010 required the demoliton of part of a new development. Warns developers to take rights of lights into consideration when erecting a new building. Reviews case law on relating to rights of light and the granting of mandatory injunctions.
590 _aKA
650 2 4 _aREGAN V PAUL PROPERTIES LTD AND OTHERS
650 2 4 _aHXRUK II (CHC) LTD V HEANEY
650 2 4 _aMIDTOWN LTD V CITY OF LONDON REAL PROPERTY CO LTD
650 2 4 _aSHELFER V CITY OF LONDON ELECTRIC LIGHTING CO LTD 1895
651 4 _aENGLAND AND WALES
690 _aPROPERTY-PROPERTY MANAGEMENT-RIGHTS TO LIGHT DETERMINATIONS-RIGHT TO LIGHT
700 1 _aBaker, Matthew
700 1 _aShaw, Keith
942 _n0
999 _c82720
_d82720